000 00696nam a2200193Ii 4500
003 JO-AjNU
008 230605s9999||||xx |||||||||||||| ||und||
040 _aJO-AjNU
_bara
_erda
_cJO-AjNU
041 _aara
050 1 4 _aBP173.755.A38 1991
100 3 _aأبو زهرة، محمد,
_eauthor
_914479
245 0 0 _aالتكافل الإجتماعي في الإسلام
264 3 1 _aالقاهرة: دار الفكر العربي، 1991
300 _a96ص
336 _atext
_btxt
_2rdacontent
337 _aunmediated
_bn
_2rdamedia
338 _avolume
_bnc
_2rdacarrier
650 4 _aالاسلام والتكافل الاجتماعي- الاسلام والعدالة الاجتماعية
_914480
999 _aA3871
_c7439
_d7439